000 00773nam a2200217 a 4500
005 20240911063721.0
008 991125s1970 es 000 0 spa u
035 _aUPN01000002427
049 _aCG
050 4 _aF1410
_bL3.28 1970
100 1 _aLambert, Jacques
245 1 0 _aAmérica Latina :
_bestructuras sociales e instituciones políticas /
_cJacques Lambert ; pról., rev. y ed. de Antonio Lago Carballo ; tr. Pablo Bordonaba.
250 _a2a ed. actualizada
260 _aBarcelona, Esp. :
_bAriel,
_c1970.
300 _a600 p.
440 0 _aDemos.
_pBiblioteca de ciencia política
651 4 _aAmérica Latina
_xPolítica y gobierno
_91083
651 2 _aAmérica Latina
_xCondiciones sociales
_92836
700 1 _aLago Carballo, Antonio,
_eed.
905 _aLibro
999 _c2427
_d2427